Statistics for Which Isn't a Dinosaur

Click here to take the quiz!

General Stats

  • This quiz has been taken 34 times
    (27 since last reset)
  • The average score is 5 of 10

Answer Stats

QuestionAnswer% Correct
Which isn't a dinosaurPachymanosaurus
73%
Which isn't a dinoAlbertaraptor
67%
Which isn't a DinosaurIcthyosaurus
67%
Which isn't a DInoSamosaurus
67%
Which isn't a DinosaurAttil
53%
Which isn't a DinosaurTerraraptor
53%
Which isn't a DinosaurWorchesaurus
53%
Which isn't a DinosaurBellosaurus
40%
Which isn't a DinosaurPterodactyl
40%
Which isn't a DinosaurPirasaurus
20%

Score Distribution

Percentile by Number Answered

Percent of People with Each Score

Your Score History

You have not taken this quiz since the last reset